000 01422nam0a2200337 4500
001 RU\NLR\bibl\1709350
005 20250616064324.0
010 _a978-5-8038-0513-7
_9100
021 _aRU
_b2010-86220
_95766
035 _a(nilc)RSL-KNO-004824674
035 _a(NLR Aleph) 001700388
090 _a1216637
_c1216637
100 _a20101108d2008 |||y0rusy50 ca
101 0 _arus
102 _aRU
105 _aa |||||||||
200 1 _aБудинаж слоистых толщ Кличкинского рудного поля (Восточное Забайкалье)
_eмонография
_fС. Н. Кудрин
_gМ-во образования и науки РФ, Иркутский гос. технический ун-т
210 _aИркутск
_cИзд-во Иркутского гос. технического ун-та
_d2008
215 _a207 с., [2] л. к.
_cил., табл.
_d29
320 _aБиблиогр.: с. 194-207 (225 назв.)
606 1 _aБудинаж
_yКличкинский рудный район
_92618604
_3RU\NLR\auth\661555164
686 _aД9(2Р54,7)451,0
_2rubbk
686 _aД451-23(2Р54,7)
700 1 _aКудрин
_bС. Н.
_gСергей Николаевич
_4070
801 0 _aRU
_bRuMoRKP
_c20101108
_grcr
801 1 _aRU
_bRuMoRGB
_c20101108
801 2 _aRU
_bNLR
_c20101204
_grcr
830 _aавт. по кн.
942 _cBOOK
980 _aNB